000 01275nam0a22002771 4500
001 rc\4879977
005 20250612201118.0
035 _a(NLR Aleph) 008826089
090 _a8252627
_c8252627
100 _a20130426d1964 |||y0rusy50 ca
101 0 _arus
102 _aRU
105 _aa z |||||
200 1 _aНекоторые вопросы использования математической статистики для решения задач геологоразведки
_e[Сборник статей]
_fПод ред. Н.И. Сафронова, Л.Г. Шраго
_gГос. Геол. ком. СССР Всесоюз. науч.-исслед. ин-т методики и техники разведки [ВИТР]. Отдел Науч.-техн. информации
210 _aЛенинград
_cБ. и.
_d1964
215 _a118 с.
_cил.
_d27
225 1 _aМетодика и техника разведки
_eСборник
_v№ 44
300 _aОтпеч. множит. аппаратом
320 _aБиблиогр. в конце статей
702 1 _aСафронов
_bН.И.
_4340
702 1 _aШраго
_bЛ.Г.
_4340
801 0 _aRU
_bNLR
_gpsbo
801 1 _aRU
_bELAR
_2rusmarc
852 _aNLR
_jП8/275
942 _cBOOK
980 _aNB